The mycota : A comprehensive treatise on fungi as experimental systems for basic and applied research

This volume provides an overview of both the state of the art in the traditional fields of industrial mycology as well as of the evaluation of novel applications of fungi in agriculture, environmental biology, and medicine.

Wedi'i Gadw mewn:
Manylion Llyfryddiaeth
Fformat: Llyfr
Iaith:Undetermined
Cyhoeddwyd: New York Springer 2002
Pynciau:
Tagiau: Ychwanegu Tag
Dim Tagiau, Byddwch y cyntaf i dagio'r cofnod hwn!
Thư viện lưu trữ: Trung tâm Học liệu Trường Đại học Cần Thơ
LEADER 00812nam a2200205Ia 4500
001 CTU_191863
008 210402s9999 xx 000 0 und d
082 |a 579.5 
082 |b M995/Vol.10 
245 4 |a The mycota : 
245 2 |b A comprehensive treatise on fungi as experimental systems for basic and applied research 
245 0 |c Edited by K. Esser, J.W. Bennett 
260 |a New York 
260 |b Springer 
260 |c 2002 
520 |a This volume provides an overview of both the state of the art in the traditional fields of industrial mycology as well as of the evaluation of novel applications of fungi in agriculture, environmental biology, and medicine. 
650 |a Mycology.,Fungi 
650 |x Research 
904 |i Tuyến 
980 |a Trung tâm Học liệu Trường Đại học Cần Thơ